[Event "BIZARRO LXIV"]
[Site "http://www.queenalice.com/game.php?id=1155263"]
[Date "2013.2.24"]
[Round "-"]
[White "rogeriooliveira"]
[Black "cajoduilio"]
[Result "0-1"]
[WhiteElo "1409"]
[BlackElo "1516"]

1. e4 c5 2. d4 cxd4 3. Qxd4 Nc6 4. Qd5 Nf6 5. Qd3 e5 6. Qe2 Bb4+ 7. Bd2 Nd4 8.
Qe3 Nxc2+ 9. Ke2 Nxe3 10. Bxb4 Nc2 11. Nc3 Nxa1 12. Nf3 d6 13. Ke3 Nc2+ 14. Kd2
Nxb4 15. a3 d5 16. exd5 Nfxd5 17. axb4 Nxb4+ 18. Ke3 Nc2+ 19. Ke4 f5+ 20. Kxe5
O-O 21. Bb5 a6 22. Bc4+ Kh8 23. Ng5 Re8+ 24. Kf4 Qc7+ 25. Kf3 Nd4# 0-1

[Event "Challenge"]
[Site "http://www.queenalice.com/game.php?id=1156943"]
[Date "2013.3.2"]
[Round "-"]
[White "cajoduilio"]
[Black "Leucio"]
[Result "0-1"]
[WhiteElo "1457"]
[BlackElo "1723"]

1. e4 e5 2. Nf3 Nc6 3. c3 Bc5 4. b4 Bb6 5. b5 Na5 6. d3 c6 7. Nxe5 Qf6 8. f4 d5
9. exd5 Ne7 10. d6 Qxd6 11. Ba3 Qe6 12. Qg4 Qxe5+ 13. fxe5 Bxg4 14. Bb4 Nd5 15.
c4 Bd4 16. Bxa5 Ne3 17. Kd2 Bxa1 18. Kxe3 b6 19. Kf4 Be6 20. Bc3 Bxc3 21. Nxc3
cxb5 22. Nxb5 O-O 23. d4 f6 24. d5 fxe5+ 25. Kxe5 Bd7 26. Nd6 Rf2 27. Ne4 Rxa2
28. Nc3 Ra1 29. h4 Rc1 30. Ne2 Rxc4 31. Ng3 Rc1 32. d6 Re1+ 33. Kf4 Rf8+ 34. Kg5
Re5+ 35. Nf5 h6+ 36. Kg4 Bxf5+ 37. Kf3 Bh3+ 38. Kg3 Re1 39. Kxh3 Rexf1 40. Kh2
Rxh1+ 41. Kxh1 a5 42. d7 Rd8 43. g4 Rxd7 44. Kg2 a4 45. Kf3 a3 46. Ke4 a2 47.
Ke5 a1=Q+ 48. Ke6 Qd4 49. Kf5 Rd5+ 50. Kg6 Qf6# 0-1

[Event "GIRASSOL"]
[Site "http://www.queenalice.com/game.php?id=1166159"]
[Date "2013.3.30"]
[Round "-"]
[White "rogeriooliveira"]
[Black "cajoduilio"]
[Result "0-1"]
[WhiteElo "1396"]
[BlackElo "1528"]

1. e4 c5 2. d4 cxd4 3. Qxd4 Nc6 4. Qd5 e6 5. Qd2 e5 6. Nc3 Nf6 7. Nf3 d6 8. Bb5
a6 9. Bxc6+ bxc6 10. O-O c5 11. Re1 h5 12. Re3 g6 13. Nh4 Bh6 14. g3 Ng4 15. Re2
Bxd2 16. Bxd2 O-O 17. f3 Nf6 18. Bh6 Re8 19. g4 hxg4 20. fxg4 Nxg4 21. Bd2 Qxh4
22. Rae1 f5 23. exf5 Bxf5 24. Rc1 Rab8 25. b3 e4 26. Be1 Qh6 27. Na4 Qxc1 28. c4
Qd1 29. Nb2 Qxe2 30. a4 Qxe1+ 31. Kg2 Qf2+ 32. Kh3 Qxh2# 0-1

[Event "Challenge"]
[Site "http://www.queenalice.com/game.php?id=1166437"]
[Date "2013.3.30"]
[Round "-"]
[White "cajoduilio"]
[Black "KROKUS"]
[Result "1-0"]
[WhiteElo "1457"]
[BlackElo "1381"]

1. e4 e6 2. d4 d5 3. Nc3 Bb4 4. Nf3 h6 5. Ne5 Nf6 6. f3 c6 7. a3 Bxc3+ 8. bxc3
dxe4 9. f4 Nd5 10. Bd2 e3 11. c4 exd2+ 12. Qxd2 Nf6 13. g3 O-O 14. Bd3 Nbd7 15.
O-O Nxe5 16. fxe5 1-0

[Event "Challenge"]
[Site "http://www.queenalice.com/game.php?id=1168794"]
[Date "2013.4.6"]
[Round "-"]
[White "Leucio"]
[Black "cajoduilio"]
[Result "1-0"]
[WhiteElo "1722"]
[BlackElo "1452"]

1. d4 d5 2. c4 e6 3. Nc3 c6 4. Nf3 Bb4 5. a3 Bxc3+ 6. bxc3 dxc4 7. e4 Nf6 8.
Bxc4 Nxe4 9. O-O O-O 10. Qd3 Nd6 11. Ng5 g6 12. Qh3 Kg7 13. Bd3 e5 14. Qxh7+ Kf6
15. dxe5+ Kxe5 16. Qg7+ Kd5 17. Qd4# 1-0

[Event "Let's Play Chess!"]
[Site "http://www.queenalice.com/game.php?id=1390579"]
[Date "2015.10.25"]
[Round "-"]
[White "cajoduilio"]
[Black "charles31"]
[Result "0-1"]
[WhiteElo "1523"]
[BlackElo "1694"]

1. e4 e5 2. Nf3 d6 3. c4 Nf6 4. d4 exd4 5. Qxd4 Nc6 6. Qd3 Qe7 7. Nc3 a6 8. a3
Bg4 9. Bg5 h6 10. Bh4 Qe6 11. O-O-O Bxf3 12. gxf3 O-O-O 13. Nd5 Ne5 14. Qe2 Be7
15. Nf4 Qd7 16. Bh3 Nfg4 17. fxg4 Kb8 18. Ng2 Bxh4 19. Nxh4 Qc6 20. Nf5 Nxc4 21.
Nd4 Qc5 22. Qc2 Rhe8 23. f3 Re7 24. Rhe1 g6 25. b4 Qg5+ 26. Rd2 Nxa3 27. Qc3 Nb5
28. Kb2 Nxc3 29. Kxc3 d5 30. exd5 Rxe1 31. Re2 Rxe2 32. Nxe2 Qe3+ 33. Kc4 Qxe2+
34. Kd4 Qxh2 35. Bf1 Qg1+ 36. Ke5 Qxf1 37. f4 Re8+ 0-1

[Event "Let's Play Chess!"]
[Site "http://www.queenalice.com/game.php?id=1390809"]
[Date "2015.10.26"]
[Round "-"]
[White "cajoduilio"]
[Black "Taurus"]
[Result "0-1"]
[WhiteElo "1536"]
[BlackElo "2153"]

1. e4 c5 2. Nf3 d6 3. Nc3 a6 4. Bd3 g6 5. O-O Bg7 6. a3 Nc6 7. Bc4 Nf6 8. Ng5 e6
9. d3 b5 10. Bb3 O-O 11. Be3 Qc7 12. Qf3 Ne5 13. Qg3 Nh5 14. Qh4 f6 15. Nh3 Qf7
16. a4 g5 17. Bxg5 fxg5 18. Nxg5 Qg6 19. f4 c4 20. Ba2 Nf7 21. dxc4 Nxg5 22.
fxg5 Bxc3 23. bxc3 Ng7 24. Rf6 Qh5 25. Qf4 Rxf6 26. Qxf6 Qf7 27. Rf1 Qxf6 28.
Rxf6 Ne8 29. Rf4 bxa4 30. g3 Rb8 31. Rf1 Rb2 32. Bb1 a3 33. h4 a2 34. Bxa2 Rxa2
35. h5 Kg7 36. h6+ Kg8 37. Rf4 e5 38. Rf2 Bb7 39. Re2 a5 40. Re1 a4 41. Rb1 Bxe4
42. Rb8 Kf7 43. Rd8 Rxc2 44. Rd7+ Ke6 45. Ra7 Ra2 46. g4 a3 47. c5 dxc5 48. c4
Bd3 49. Ra6+ Nd6 50. g6 Bxg6 51. Ra5 Nxc4 52. Rxc5 Rb2 53. Rxc4 a2 54. Rc6+ Kd7
55. Rc1 Rb1 56. Rxb1 axb1=Q+ 57. Kg2 Qd3 0-1

[Event "AUTO-INT-3068"]
[Site "http://www.queenalice.com/game.php?id=1390810"]
[Date "2015.10.25"]
[Round "1"]
[White "cajoduilio"]
[Black "HELDER"]
[Result "0-1"]
[WhiteElo "1542"]
[BlackElo "1678"]

1. e4 e5 2. Nf3 d6 3. Bd3 g6 4. O-O Bg4 5. Nc3 h5 6. Nd5 h4 7. Ne3 Bxf3 8. Qxf3
Qg5 9. Nd5 Kd8 10. c4 h3 11. Ne3 hxg2 12. Nxg2 Nc6 13. Qxf7 Qh6 14. c5 Qxh2# 0-1

[Event "AUTO-INT-3068"]
[Site "http://www.queenalice.com/game.php?id=1390811"]
[Date "2015.10.25"]
[Round "1"]
[White "HELDER"]
[Black "cajoduilio"]
[Result "1-0"]
[WhiteElo "1726"]
[BlackElo "1531"]

1. e4 e5 2. Nc3 Nf6 3. Nf3 c6 4. Nxe5 d6 5. Nf3 Bg4 6. Bc4 c5 7. h3 Bh5 8. g4
Bg6 9. Ng5 Nc6 10. d3 h6 11. Nxf7 Bxf7 12. Bxf7+ Kxf7 13. g5 Nd7 14. Rg1 Be7 15.
gxh6 gxh6 16. Qh5+ Ke6 17. Qf5# 1-0

[Event "AUTO-INT-3068"]
[Site "http://www.queenalice.com/game.php?id=1390812"]
[Date "2015.10.25"]
[Round "1"]
[White "cajoduilio"]
[Black "glaubergouveia"]
[Result "1-0"]
[WhiteElo "1534"]
[BlackElo "1652"]

1. e4 e5 2. Nf3 Nc6 3. c3 h6 4. Bc4 Bc5 5. b4 Bb6 6. O-O Qf6 7. Qe2 d6 8. Na3
Qg6 9. Nh4 Qg5 10. Nf3 Qg6 11. Nh4 Qh7 12. Nc2 g5 13. Nf3 Bg4 14. b5 Nce7 15. d3
Qg6 16. a4 Ba5 17. Bb2 a6 18. d4 Qh5 19. Rad1 Ng6 20. Qd3 O-O-O 21. Bxf7 Rd7 22.
Be8 Rd8 23. Bf7 N8e7 24. c4 Rhf8 25. Bxg6 Nxg6 26. Nce1 Nf4 27. Qe3 Bxf3 28.
Nxf3 Qg4 29. g3 Nh3+ 30. Kg2 Rxf3 31. Qxf3 Qxf3+ 32. Kxf3 Rf8+ 33. Kg2 g4 34.
dxe5 dxe5 35. Bxe5 axb5 36. cxb5 b6 37. Rc1 Bb4 38. Rxc7+ Kd8 39. Rd1+ Ke8 40.
f4 h5 41. f5 Rf7 42. Rc8+ Ke7 43. Rdc1 Bd6 44. Bxd6+ Kxd6 45. R1c6+ Ke5 46. Re8+
Kd4 47. Rxb6 Ke3 48. Rd6 Rc7 49. b6 Rc2+ 50. Kf1 Kf3 51. Rd3# 1-0

[Event "AUTO-INT-3068"]
[Site "http://www.queenalice.com/game.php?id=1390813"]
[Date "2015.10.25"]
[Round "1"]
[White "glaubergouveia"]
[Black "cajoduilio"]
[Result "0-1"]
[WhiteElo "1674"]
[BlackElo "1514"]

1. e4 e5 2. Nf3 Nc6 3. Bb5 Nf6 4. Nc3 Bb4 5. d4 exd4 6. a3 dxc3 7. axb4 cxb2 8.
Bxb2 O-O 9. Bxc6 bxc6 10. Qd3 Qe8 11. Bxf6 gxf6 12. Ra5 d6 13. Rh5 f5 14. O-O
fxe4 15. Qc3 exf3 16. Qd3 f5 17. Rg5+ Kf7 18. Qxf3 Qe4 19. Qh5+ Ke7 20. Rg7+ Ke6
21. Qd1 Kf6 22. Rxh7 d5 23. Qd2 Ke5 24. Re7+ Be6 25. Qh6 Rf6 26. Qd2 Kd6 27. Re1
Kxe7 28. Rxe4 fxe4 29. Qg5 Kf7 30. Qh4 Rg6 31. Qh7+ Rg7 32. Qh5+ Kg8 33. Qe5 Re8
34. Qd4 a6 35. Qa7 Bh3 36. g3 e3 37. fxe3 Rf8 38. Qxa6 Rg6 39. Qd3 Rgf6 40. e4
Rf1+ 41. Qxf1 Rxf1# 0-1

[Event "AUTO-INT-3068"]
[Site "http://www.queenalice.com/game.php?id=1390814"]
[Date "2015.10.25"]
[Round "1"]
[White "cajoduilio"]
[Black "BrunoWLP"]
[Result "0-1"]
[WhiteElo "1523"]
[BlackElo "1646"]

1. e4 d5 2. d3 e5 3. Nf3 dxe4 4. Nxe5 Qd4 5. Qh5 g6 6. c3 Qd5 7. c4 Qd4 8. Qg5
Be7 9. Qg3 Bd6 10. f4 Nf6 11. Qg5 Nfd7 12. Ng4 b6 13. g3 Bb7 14. Nd2 exd3 15.
Nb3 Bb4+ 16. Kd1 Bf3+ 17. Be2 Bxe2# 0-1

[Event "AUTO-INT-3068"]
[Site "http://www.queenalice.com/game.php?id=1390815"]
[Date "2015.10.25"]
[Round "1"]
[White "BrunoWLP"]
[Black "cajoduilio"]
[Result "1-0"]
[WhiteElo "1703"]
[BlackElo "1514"]

1. Nf3 d5 2. d4 Nf6 3. Nc3 e6 4. Bg5 Be7 5. e3 O-O 6. Bd3 Nc6 7. a3 Ng4 8. Bxe7
Qxe7 9. O-O e5 10. Nxd5 Qd7 11. Bc4 Qd8 12. Ba2 b6 13. c4 Ba6 14. b4 Bb7 15. h3
Nf6 16. Nc3 Qd7 17. d5 Ne7 18. Nxe5 Qf5 19. Qd4 Rad8 20. Rad1 c5 21. bxc5 bxc5
22. Qf4 Bc8 23. Qxf5 Nxf5 24. Bb1 Nd6 25. Bd3 Rde8 26. Nc6 a6 27. Rfe1 g6 28. f4
Bd7 29. Kf2 h5 30. e4 Bxc6 31. dxc6 Re7 32. e5 Nf5 33. exf6 Re6 34. Rxe6 fxe6
35. Bxf5 exf5 36. c7 Ra8 37. Rd8+ 1-0

[Event "Challenge"]
[Site "http://www.queenalice.com/game.php?id=1398244"]
[Date "2015.12.10"]
[Round "-"]
[White "jeffcom2f"]
[Black "cajoduilio"]
[Result "0-1"]
[WhiteElo "1649"]
[BlackElo "1541"]

1. c4 c6 2. Nc3 e5 3. e4 Nf6 4. Nf3 d6 5. Be2 c5 6. O-O Nc6 7. a3 Be6 8. d3 b6
9. Rb1 Nd4 10. Be3 a5 11. Nd5 Ng4 12. Bxd4 cxd4 13. Nd2 Qh4 14. h3 h5 15. Bxg4
hxg4 16. Nc7+ Ke7 17. Nxa8 gxh3 18. g3 Qh6 19. Kh2 f5 20. Qf3 f4 21. Nb3 g5 22.
Nxb6 a4 23. Nc1 g4 24. Qe2 f3 25. Qc2 Rg8 26. Qxa4 Kf6 27. Nd5+ Kg5 28. Qc6 Qg6
29. Qxd6 Bxd6 30. b4 Bxd5 31. cxd5 Rh8 32. b5 Bxa3 33. b6 Kf6 34. b7 Rb8 35.
Rb6+ Kg5 36. Rxg6+ Kxg6 37. Na2 Rxb7 38. Ra1 Rb3 39. Nc1 Rc3 40. Na2 Rxd3 41.
Rb1 Rd2 42. Nb4 Rxf2+ 43. Kg1 Rg2+ 44. Kh1 f2 45. Nd3 Bd6 46. Nxf2 Rxf2 47. Rb6
Rf1+ 48. Kh2 Rf2+ 49. Kg1 Rf6 50. Kh2 d3 51. Rb2 Rf3 52. Rd2 Bb4 53. Rb2 d2 54.
Rb1 Rf2+ 55. Kg1 Rf3 56. Kh2 Bc5 57. Rc1 dxc1=Q 58. d6 Rf2# 0-1

[Event "Challenge"]
[Site "http://www.queenalice.com/game.php?id=1398245"]
[Date "2015.12.10"]
[Round "-"]
[White "cajoduilio"]
[Black "jeffcom2f"]
[Result "0-1"]
[WhiteElo "1555"]
[BlackElo "1615"]

1. e4 e5 2. Nf3 Nf6 3. Nc3 d6 4. d3 Bg4 5. Bg5 Nbd7 6. h3 Bxf3 7. gxf3 c6 8. h4
h6 9. Bxf6 Nxf6 10. Bh3 Be7 11. Qe2 O-O 12. O-O-O a6 13. Bf5 b5 14. h5 b4 15.
Na4 a5 16. f4 Rb8 17. fxe5 dxe5 18. f4 exf4 19. e5 Nd7 20. Qe4 f6 21. Bh7+ Kh8
22. e6 Ne5 23. d4 Nc4 24. Nc5 Qd5 25. Qg6 Qg5 26. Rhg1 Qxg6 27. Rxg6 Kxh7 28.
Rdg1 Rg8 29. Nd7 Rbd8 30. Nc5 Rxd4 31. c3 bxc3 32. bxc3 Rd5 33. Ne4 Rxh5 34. a4
Ne5 35. R6g2 f5 36. Nc5 Bxc5 37. Re1 Nd3+ 38. Kd2 Nxe1 39. Kxe1 Rg5 40. Re2 Re8
41. c4 f3 42. Re5 f4 43. Re4 Rg4 44. Kd2 f2 45. Re2 f1=Q 46. Re1 Rg2+ 47. Kc3
Qxe1+ 0-1

[Event "Let's Play Chess!"]
[Site "http://www.queenalice.com/game.php?id=1400269"]
[Date "2015.12.24"]
[Round "-"]
[White "tucuman"]
[Black "cajoduilio"]
[Result "1-0"]
[WhiteElo "1744"]
[BlackElo "1561"]

1. e4 e5 2. Bc4 Nf6 3. d3 c6 4. Bg5 b5 5. Bb3 Qa5+ 6. Nd2 Bc5 7. Nf3 O-O 8. Bxf6
gxf6 9. O-O d6 10. h3 Nd7 11. c4 b4 12. Nh2 Ba6 13. Ndf3 Rae8 14. Nh4 Re7 15.
Nf5 Ree8 16. Qg4+ Kh8 17. Qg7# 1-0

[Event "Challenge"]
[Site "http://www.queenalice.com/game.php?id=1401573"]
[Date "2015.12.31"]
[Round "-"]
[White "jeffcom2f"]
[Black "cajoduilio"]
[Result "0-1"]
[WhiteElo "1643"]
[BlackElo "1533"]

1. c4 e5 2. Nc3 c6 3. e4 Nf6 4. d3 Bc5 5. h3 O-O 6. Nf3 d6 7. Be2 Be6 8. O-O
Nbd7 9. Bg5 h6 10. Bh4 a6 11. Bxf6 Qxf6 12. Nh2 g5 13. Ng4 Qg7 14. Bf3 f6 15.
Ne3 b5 16. Nf5 Bxf5 17. exf5 b4 18. Ne2 a5 19. a3 Rfe8 20. Bh5 Re7 21. Ng3 d5
22. cxd5 cxd5 23. Re1 d4 24. Ne4 Ra6 25. Bg6 Kf8 26. Ng3 Qh8 27. Nh5 Rb6 28. g3
b3 29. f4 exf4 30. gxf4 gxf4 31. Nxf4 Rd6 32. Rxe7 Kxe7 33. Qe2+ Ne5 34. Rc1 Bb6
35. Bh5 Kd7 36. Ne6 a4 37. Nc5+ Bxc5 38. Rxc5 Qg8+ 39. Kf1 Qg3 40. Bg4 Qf4+ 41.
Ke1 Qg3+ 42. Kd1 Nxd3 43. Kd2 Nxc5 0-1

[Event "Challenge"]
[Site "http://www.queenalice.com/game.php?id=1401574"]
[Date "2015.12.31"]
[Round "-"]
[White "cajoduilio"]
[Black "jeffcom2f"]
[Result "0-1"]
[WhiteElo "1552"]
[BlackElo "1645"]

1. e4 e5 2. Nf3 Nf6 3. Bd3 Bc5 4. O-O d6 5. c4 O-O 6. Nc3 a6 7. b4 Ba7 8. a4 c6
9. Qb3 Nbd7 10. Ba3 Qc7 11. b5 axb5 12. axb5 Bb8 13. c5 Nxc5 14. Qc4 Nxd3 15.
Qxd3 Rd8 16. Ng5 h6 17. Nf3 Bg4 18. Nh4 Bh5 19. Nf5 Bg6 20. b6 Qxb6 21. Ne7+ Kf8
22. Rfb1 Qc7 23. Nf5 Bxf5 24. exf5 Qe7 25. f3 Kg8 26. Ne4 Nxe4 27. Qxe4 f6 28.
g3 Qc7 29. g4 d5 30. Qb4 b5 31. h4 e4 32. fxe4 Qh2+ 33. Kf1 Bg3 0-1

[Event "Challenge"]
[Site "http://www.queenalice.com/game.php?id=1403245"]
[Date "2016.1.9"]
[Round "-"]
[White "cajoduilio"]
[Black "tucuman"]
[Result "0-1"]
[WhiteElo "1540"]
[BlackElo "1772"]

1. e4 e5 2. Nf3 d6 3. Nc3 a6 4. Be2 h6 5. O-O Nc6 6. a3 Nf6 7. d3 Be6 8. d4 exd4
9. Nxd4 Nxd4 10. Qxd4 Be7 11. Bf4 O-O 12. Bc4 Bxc4 13. Qxc4 b5 14. Qc6 Re8 15.
Nd5 Nxd5 16. exd5 Bf6 17. c3 Be5 18. Be3 Kh8 19. f4 Bf6 20. g3 Rxe3 21. Rae1
Rxe1 22. Rxe1 Qc8 23. h4 Kh7 24. Re7 Bxe7 25. b4 Qd8 26. h5 Bf6 27. g4 g6 28.
Kg2 gxh5 29. gxh5 Rb8 30. f5 Qe8 31. Kg3 Qxc6 32. dxc6 Bxc3 33. Kg4 f6 34. Kf4
Bb2 35. Kf3 Bxa3 0-1

[Event "Challenge"]
[Site "http://www.queenalice.com/game.php?id=1407919"]
[Date "2016.2.6"]
[Round "-"]
[White "eduardocosta"]
[Black "cajoduilio"]
[Result "1-0"]
[WhiteElo "1698"]
[BlackElo "1553"]

1. e3 d5 2. Be2 e5 3. Nf3 Nc6 4. Bb5 Nf6 5. Nxe5 Qd6 6. Bxc6+ bxc6 7. d4 Be7 8.
Qd3 g6 9. Qc3 Qe6 10. Qxc6+ Qxc6 11. Nxc6 Bd7 12. Ne5 Bf5 13. c3 O-O 14. Nd2
Rad8 15. Nc6 Rd7 16. Nxa7 Rd6 17. Nb5 1-0

[Event "Let's Play Chess!"]
[Site "http://www.queenalice.com/game.php?id=1844036"]
[Date "2024.10.3"]
[Round "-"]
[White "cajoduilio"]
[Black "Scar"]
[Result "0-1"]
[WhiteElo "1543"]
[BlackElo "1714"]

1. e4 e5 2. c4 c6 3. Nc3 Nf6 4. f3 Bb4 5. Nge2 d6 6. a3 Bxc3 7. bxc3 c5 8. d4
cxd4 9. cxd4 exd4 10. Nxd4 Bd7 11. Bd3 Nc6 12. Bb2 O-O 13. O-O a6 14. Bc3 b6 15.
a4 a5 16. Rb1 Qc7 17. Rb2 Rfe8 18. Qb1 Rab8 0-1

[Event "Let's Play Chess!"]
[Site "http://www.queenalice.com/game.php?id=1844681"]
[Date "2024.10.3"]
[Round "-"]
[White "cajoduilio"]
[Black "igor12345"]
[Result "0-1"]
[WhiteElo "1534"]
[BlackElo "1950"]

1. e4 c5 2. Nf3 d6 3. c4 Nc6 4. b3 Nf6 5. d3 h6 6. Nc3 Bg4 7. a3 Nd4 8. h3 Bxf3
9. gxf3 e5 10. Be3 Be7 11. Bg2 Ne6 12. O-O a6 13. a4 Nh5 14. Ne2 Nhf4 0-1